00375pab a2200133 454500008004000000100002200040245004400062260000900106300001600115362001000131650003800141650002800179773003400207180718b2002 xxu||||| |||| 00| 0 eng d aBanerjee, Sumanta aGujarat carnage and a cynical democracy c2002 ap.1707-708. a4 MaY aGujarat - Politics and government aPolitics and government aEconomic and Political Weekly